William Temple, an archbishop for all seasons /

Bibliographic Details
Main Author: Lowry, Charles Wesley
Format: Book
Language:English
Published: Washington, D.C. : University Press of America, [1982]
Subjects:

MARC

Tag First Indicator Second Indicator Subfields
LEADER 00000cam a2200000 a 4500
001 in00000014817
005 20151007052908.0
008 820216s1982 dcuaf b 00010 eng
010 |a  81043869  
020 |a 0819123560 (pbk.) :  |c $6.50 
020 |a 0819123552 :  |c $16.75 
035 |a (OCoLC)08221126 
035 |9 AAA9615AM 
040 |a DLC  |c DLC  |d m/c  |d TXA  |d UtOrBLW 
049 |a TXAM  |c [A11057122] 
050 0 0 |a BX5199.T42  |b L68 1982 
082 0 |a 283/.3  |a B  |2 19 
100 1 |a Lowry, Charles Wesley. 
245 1 0 |a William Temple, an archbishop for all seasons /  |c by Charles W. Lowry ; with a foreword by Robert Runcie. 
264 1 |a Washington, D.C. :  |b University Press of America,  |c [1982] 
264 4 |c ©1982 
300 |a xii, 151 pages, 2 unnumbered pages of plates :  |b illustrations ;  |c 24 cm. 
336 |a text  |b txt  |2 rdacontent 
337 |a unmediated  |b n  |2 rdamedia 
338 |a volume  |b nc  |2 rdacarrier 
504 |a Bibliography: pages 147-148. 
600 1 0 |a Temple, William,  |d 1881-1944. 
999 |a MARS 
999 f f |s f1087aac-3d98-30d6-b209-d48521b3a3ed  |i 05db2bdb-9e53-3671-aa8e-dcf67d73addf  |t 0 
952 f f |p ric  |a Texas A&M University  |b Rellis Campus  |c Joint Library Facility  |d Remote Storage  |t 0  |e BX5199.T42 L68 1982  |h Library of Congress classification  |i unmediated -- volume  |m A14811057122 
998 f f |a BX5199.T42 L68 1982  |t 0  |l Remote Storage